000 00825nam a2200229Ia 4500
003 OSt
005 20220923210941.0
006 a|||||r|||| 00| 0
007 ta
008 220922b |||||||| |||| 00| 0 hin d
020 _a812300916X
024 _a171,053
037 _cTextual
040 _aARTS
_cARTS
_bhin
041 _2hin
_ahin
082 _aV2,21Y7N26x, 152P0.1-.3
245 0 _aप्रधानमंत्री अटल बिहारी वाजपेयी
_b चुने हुए भाषण
246 _aPradhānahintrī aṭal bihārī vājapeyī: chune hue bhāṣhaṇa
260 _aनई दिल्ली
_b सूचना और प्रसारण मंत्रालय
_c2000
942 _hV2,21Y7N26x, 152P0.1-.3
_cTEXL
_2CC
999 _c293132
_d293132